Algebra fun IIT-JEE/AIEEE (Record no. 1143)

MARC details
000 -LEADER
fixed length control field 00396nam a22001697a 4500
005 - DATE AND TIME OF LATEST TRANSACTION
control field 20180519120233.0
008 - FIXED-LENGTH DATA ELEMENTS--GENERAL INFORMATION
fixed length control field 160519b xxu||||| |||| 00| 0 eng d
020 ## - INTERNATIONAL STANDARD BOOK NUMBER
ISBN 978-87-908762-1-6
041 ## - LANGUAGE CODE
Language code of text/sound track or separate title eng
082 ## - DEWEY DECIMAL CLASSIFICATION NUMBER
Item number 3337
Classification number 512
100 ## - MAIN ENTRY--AUTHOR NAME
Personal name Sinha K.C.
245 ## - TITLE STATEMENT
Title Algebra fun IIT-JEE/AIEEE
260 ## - PUBLICATION, DISTRIBUTION, ETC. (IMPRINT)
Name of publisher Edvaiser
300 ## - PHYSICAL DESCRIPTION
Number of Pages 20.12
650 ## - SUBJECT ADDED ENTRY--TOPICAL TERM
Topical Term DIPLOMA ENGINEERING
942 ## - ADDED ENTRY ELEMENTS (KOHA)
Koha item type Books
Holdings
Lost status Damaged status Collection code Home library Current library Shelving location Date acquired Cost, normal purchase price Full call number Accession Number Koha item type
    CS/IT JRU Library JRU Library SHELF-57-E 19/05/2016 380.00 512 3337 Books
    CS/IT JRU Library   SHELF-57-E 19/05/2016 380.00 512 3338 Books